[Event "Horsens Lang Weekend 2017"]
[Site "Horsens"]
[Date "2017.07.13"]
[Round "2.13"]
[White "Kohut, Anna"]
[Black "Rossen, Claus"]
[Result "0-1"]
[WhiteElo "1974"]
[BlackElo "2133"]
[PlyCount "76"]
[EventDate "2017.??.??"]
[EventCountry "DEN"]

1. f4 g6 2. Nf3 Bg7 3. e4 d6 4. d4 Nf6 5. Nc3 c5 6. Bb5+ Bd7 7. e5 Ng4 8. e6
Bxb5 9. exf7+ Kd7 10. Nxb5 Qa5+ 11. Nc3 cxd4 12. Nxd4 Bxd4 13. Qxd4 Nc6 14. Qd1
h5 15. h3 Nh6 16. Be3 Nf5 17. Bf2 Raf8 18. O-O Rxf7 19. a3 Ng7 20. b4 Qf5 21.
b5 Na5 22. Bxa7 Ra8 23. Bd4 Ne6 24. g4 hxg4 25. hxg4 Nxd4 26. gxf5 Nxf5 27. Qg4
Rh8 28. Kg2 Nc4 29. Kf3 Nce3 30. Qxg6 Nh4+ 31. Kxe3 Nxg6 32. Rf3 Nxf4 33. Rxf4
Rh3+ 34. Ke4 Rxf4+ 35. Kxf4 Rxc3 36. Ra2 e5+ 37. Ke4 Ke6 38. a4 d5# 0-1

[Event "Horsens Lang Weekend 2017"]
[Site "Horsens"]
[Date "2017.07.13"]
[Round "2.14"]
[White "Hansen, Erik Hedegaard"]
[Black "Mermer, Yunus"]
[Result "1/2-1/2"]
[WhiteElo "1643"]
[BlackElo "1545"]
[PlyCount "57"]
[EventDate "2017.??.??"]
[EventCountry "DEN"]

1. d4 d5 2. c4 c6 3. e3 Nf6 4. Bd3 e6 5. Nc3 Bd6 6. Nf3 O-O 7. O-O Nbd7 8. e4
dxe4 9. Nxe4 Nxe4 10. Bxe4 e5 11. d5 cxd5 12. Bxd5 Nb6 13. Bg5 Qc7 14. Rc1 Nxd5
15. cxd5 Qb6 16. Qc2 Bg4 17. Be3 Qd8 18. Nd2 Rc8 19. Qa4 Be2 20. Rfe1 Rxc1 21.
Rxc1 a6 22. Ne4 Bd3 23. Nxd6 Qxd6 24. Bc5 Rc8 25. Qe8+ Rxe8 26. Bxd6 f6 27. Bc7
Rc8 28. d6 Bb5 29. Ra1 1/2-1/2

[Event "Horsens Lang Weekend 2017"]
[Site "Horsens"]
[Date "2017.07.14"]
[Round "3.1"]
[White "Ramsdal, Jens Albert"]
[Black "Rasmussen, Karsten"]
[Result "1-0"]
[WhiteElo "2206"]
[BlackElo "2444"]
[PlyCount "41"]
[EventDate "2017.??.??"]
[EventCountry "DEN"]

1. e4 c6 2. d4 d5 3. exd5 cxd5 4. c4 Nf6 5. Nc3 e6 6. Nf3 Bb4 7. cxd5 Nxd5 8.
Bd2 Nc6 9. Bd3 Be7 10. O-O O-O 11. Qe2 Nf6 12. Ne4 Bd7 13. Rfd1 Rc8 14. a3 Nxe4
15. Bxe4 Bf6 16. Be3 Re8 17. Ne5 g6 18. Qf3 Kg7 19. Bh6+ Kg8 20. Nxd7 Bxd4 21.
Bxc6 1-0

[Event "Horsens Lang Weekend 2017"]
[Site "Horsens"]
[Date "2017.07.14"]
[Round "3.2"]
[White "Grove, Peter"]
[Black "Teplyi, Igor"]
[Result "0-1"]
[WhiteElo "2162"]
[BlackElo "2424"]
[PlyCount "32"]
[EventDate "2017.??.??"]
[EventCountry "DEN"]

1. e4 c5 2. Nf3 d6 3. d4 cxd4 4. Qxd4 Nf6 5. Nc3 Bd7 6. Bc4 Nc6 7. Qd3 g6 8.
Bg5 Bg7 9. O-O-O Ng4 10. Qe2 Bxc3 11. bxc3 Qa5 12. Bd2 Qc5 13. Be1 Na5 14. Bb3
Bb5 15. Qd2 Nc4 16. Bxc4 Qa3+ 0-1

[Event "Horsens Lang Weekend 2017"]
[Site "Horsens"]
[Date "2017.07.14"]
[Round "3.3"]
[White "Bjerre, Jonas Buhl"]
[Black "Thorsbro, Peter"]
[Result "1-0"]
[WhiteElo "2354"]
[BlackElo "2151"]
[PlyCount "81"]
[EventDate "2017.??.??"]
[EventCountry "DEN"]

1. e4 e5 2. Nf3 Nc6 3. Bc4 Bc5 4. c3 Nf6 5. d3 a6 6. O-O d6 7. a4 Ba7 8. Na3
Be6 9. Bxe6 fxe6 10. Nc2 O-O 11. Be3 Bxe3 12. Nxe3 b6 13. Nd2 Nd7 14. b4 Qe8
15. Qb3 Kh8 16. Qc4 Nf6 17. b5 axb5 18. axb5 Na5 19. Qxc7 Qxb5 20. Ndc4 Nxc4
21. Nxc4 Rac8 22. Qxd6 Nxe4 23. Qxe6 Rce8 24. Qg4 Nf6 25. Qg3 Qc5 26. Ra7 g6
27. Qe3 e4 28. Qxc5 bxc5 29. d4 cxd4 30. cxd4 Rd8 31. Rd1 Nd5 32. Ra3 Rc8 33.
Nd6 Rc2 34. Nxe4 Re2 35. Ra5 Nb4 36. f3 Nc2 37. Re5 Rb8 38. Nc3 Rxe5 39. dxe5
Ne3 40. Re1 Nf5 41. Kf2 1-0

[Event "Horsens Lang Weekend 2017"]
[Site "Horsens"]
[Date "2017.07.14"]
[Round "3.4"]
[White "Rewitz, Poul"]
[Black "Rossen, Claus"]
[Result "1-0"]
[WhiteElo "2294"]
[BlackElo "2133"]
[PlyCount "80"]
[EventDate "2017.??.??"]
[EventCountry "DEN"]

1. d4 Nf6 2. Bg5 e6 3. e4 h6 4. Bxf6 Qxf6 5. c3 e5 6. dxe5 Qxe5 7. Nd2 Nc6 8.
Ngf3 Qf6 9. Bd3 d6 10. O-O Be7 11. Nc4 Bg4 12. Be2 Ne5 13. Nfxe5 Bxe2 14. Qxe2
dxe5 15. Rad1 Rd8 16. Rxd8+ Bxd8 17. Qh5 O-O 18. Qxe5 Qxe5 19. Nxe5 Re8 20. Rd1
Bf6 21. Ng4 Rxe4 22. Nxf6+ gxf6 23. Kf1 Ra4 24. a3 Ra6 25. Ke2 Rb6 26. Rd2 Kf8
27. c4 Ke7 28. b4 a5 29. bxa5 Rb3 30. Rd3 Rb2+ 31. Kf3 Rc2 32. Rd4 Rc3+ 33. Kg4
Rxa3 34. Kh5 Rxa5+ 35. Kxh6 Rg5 36. g3 Rg6+ 37. Kh7 c5 38. Rd3 Rg4 39. f4 b6
40. Rd5 Rg6 1-0

[Event "Horsens Lang Weekend 2017"]
[Site "Horsens"]
[Date "2017.07.14"]
[Round "3.5"]
[White "Ferrante, Marco"]
[Black "Guindy, Esmat"]
[Result "1/2-1/2"]
[WhiteElo "2260"]
[BlackElo "2132"]
[PlyCount "160"]
[EventDate "2017.??.??"]
[EventCountry "DEN"]

1. e4 e6 2. d4 d5 3. Nc3 Nf6 4. e5 Nfd7 5. f4 c5 6. Nf3 Nc6 7. Be3 a6 8. Qd2 b5
9. Nd1 Qb6 10. Be2 b4 11. c4 bxc3 12. Nxc3 cxd4 13. Nxd4 Nxd4 14. Bxd4 Qa5 15.
Rc1 Nc5 16. O-O Bd7 17. Qe3 Rc8 18. f5 exf5 19. b4 Qxb4 20. Nxd5 Qa5 21. e6
Nxe6 22. Rxc8+ Bxc8 23. Rxf5 Qa3 24. Nc7+ Kd8 25. Nxe6+ Bxe6 26. Qxa3 Bxa3 27.
Ra5 Bb4 28. Rxa6 Kc7 29. Bxg7 Bc5+ 30. Kf1 Rc8 31. Ra4 Bd5 32. Bc4 Bxg2+ 33.
Kxg2 Rg8 34. Ra5 Rxg7+ 35. Kf3 Bd6 36. Rh5 f6 37. Bd3 Be5 38. Bxh7 Kd6 39. Bc2
Rc7 40. Bb3 Rc1 41. Kg4 Rg1+ 42. Kf5 Rf1+ 43. Kg6 Rg1+ 44. Kf7 Rg5 45. Rh6 Kc5
46. h4 Rg4 47. Be6 Ra4 48. Bb3 Rg4 49. Ke6 Bc3 50. Rh7 Re4+ 51. Kf5 Re3 52. Rd7
Be1 53. Rh7 Rf3+ 54. Ke4 Rf2 55. Rc7+ Kd6 56. Rc1 Re2+ 57. Kf3 Re5 58. h5 Rf5+
59. Ke2 Re5+ 60. Kf3 Rf5+ 61. Ke2 Re5+ 62. Kd3 Bh4 63. Bf7 Bg5 64. Rc2 Re7 65.
Bg6 Kd5 66. Rh2 Ra7 67. Rc2 Ra3+ 68. Rc3 Rxc3+ 69. Kxc3 Ke5 70. Kd3 f5 71. a4
Bd8 72. h6 Kf6 73. Bh5 Ba5 74. Be8 Bd8 75. Kc4 f4 76. Kd3 Bb6 77. Ke4 f3 78.
Kxf3 Ke7 79. Ke4 Kf8 80. Kd5 Kg8 1/2-1/2

[Event "Horsens Lang Weekend 2017"]
[Site "Horsens"]
[Date "2017.07.14"]
[Round "3.6"]
[White "Jepsen, Thomas Stausholm"]
[Black "Nielsen, Viktor Haarmark"]
[Result "0-1"]
[WhiteElo "2127"]
[BlackElo "2243"]
[PlyCount "148"]
[EventDate "2017.??.??"]
[EventCountry "DEN"]

1. Nf3 c5 2. g3 Nc6 3. Bg2 g6 4. O-O Bg7 5. d3 d5 6. Nbd2 Nf6 7. e4 O-O 8. Re1
b6 9. exd5 Nxd5 10. a4 Bb7 11. Nc4 Qc7 12. Qe2 Rad8 13. c3 Rfe8 14. Nfe5 Nxe5
15. Nxe5 f6 16. Ng4 e5 17. Nh6+ Bxh6 18. Bxh6 Ne7 19. Be4 Nf5 20. Bxb7 Qxb7 21.
Be3 Qa6 22. c4 Nd4 23. Bxd4 Rxd4 24. Qf3 Kf7 25. h4 Qc8 26. a5 Qf5 27. Qxf5
gxf5 28. axb6 axb6 29. Ra3 Red8 30. Re3 Ke6 31. Rb3 R8d6 32. Rb5 f4 33. gxf4
Rxf4 34. Rh3 Kf5 35. b4 cxb4 36. Rxb4 h5 37. Rb3 Kg4 38. Rg3+ Kxh4 39. Kf1 Rg4
40. Rf3 Kg5 41. Ke2 h4 42. Rh3 e4 43. Rb5+ Kg6 44. Rd5 exd3+ 45. Kxd3 Rxd5+ 46.
cxd5 Kf5 47. Re3 Rg1 48. Ke2 Rg8 49. Rb3 Rb8 50. Rb5 h3 51. d6+ Ke6 52. Rh5
Kxd6 53. Rxh3 b5 54. Kd3 b4 55. Kc4 Ke5 56. Rb3 Ke4 57. Re3+ Kf4 58. Kb3 f5 59.
Rh3 Rb7 60. Re3 Rc7 61. Rg3 Rb7 62. Re3 Ra7 63. Kxb4 Ra2 64. Kc3 Rxf2 65. Re8
Kf3 66. Kd3 f4 67. Rh8 Ra2 68. Rg8 Ra7 69. Kd2 Kf2 70. Kd3 f3 71. Re8 Kf1 72.
Ke3 f2 73. Rb8 Re7+ 74. Kf3 Rf7+ 0-1

[Event "Horsens Lang Weekend 2017"]
[Site "Horsens"]
[Date "2017.07.14"]
[Round "3.7"]
[White "Hansen, Lars"]
[Black "Jepsen, Christian Matico"]
[Result "1-0"]
[WhiteElo "2236"]
[BlackElo "1705"]
[PlyCount "57"]
[EventDate "2017.??.??"]
[EventCountry "DEN"]

1. e4 c5 2. Nc3 Nc6 3. f4 d6 4. Nf3 Nf6 5. Bb5 Bd7 6. O-O a6 7. Bxc6 Bxc6 8. d3
e6 9. Qe1 g6 10. e5 Nd5 11. Ne4 dxe5 12. fxe5 Be7 13. Bg5 Qb6 14. Qh4 c4+ 15.
Kh1 Ne3 16. Bxe7 Bxe4 17. Bd6 Qd8 18. Qxe4 Nxf1 19. Rxf1 Qd7 20. dxc4 f5 21.
Qh4 Qd8 22. Qh6 Kd7 23. Ng5 Qg8 24. Rd1 Rd8 25. Bf8+ Kc8 26. Rxd8+ Kxd8 27. Bg7
Qe8 28. Bxh8 Qd7 29. Qf8+ 1-0

[Event "Horsens Lang Weekend 2017"]
[Site "Horsens"]
[Date "2017.07.14"]
[Round "3.8"]
[White "Iversen, Flemming Pagh"]
[Black "Brondt, Nicolai Kvist"]
[Result "0-1"]
[WhiteElo "1663"]
[BlackElo "2229"]
[PlyCount "79"]
[EventDate "2017.??.??"]
[EventCountry "DEN"]

1. Nf3 Nf6 2. g3 b5 3. Bg2 Bb7 4. O-O e6 5. d3 c5 6. e4 d6 7. Nbd2 Be7 8. Re1
Nbd7 9. c3 O-O 10. Qe2 Qb6 11. Nf1 a5 12. Bf4 Rfd8 13. e5 Nd5 14. Bd2 Nxe5 15.
Nxe5 dxe5 16. Qxe5 Bf6 17. Qh5 Rd7 18. Be4 g6 19. Qe2 a4 20. Ne3 a3 21. Bxd5
axb2 22. Rab1 exd5 23. Ng4 Rdd8 24. Rxb2 d4 25. Rxb5 Qxb5 26. Nxf6+ Kh8 27. Qe5
Qc6 28. Nh5+ f6 29. Qxf6+ Qxf6 30. Nxf6 Rxa2 31. Re7 Ra1+ 32. Be1 Rxe1+ 33.
Rxe1 Kg7 34. Nxh7 dxc3 35. Ng5 Kf6 36. Ne4+ Bxe4 37. Rxe4 Rd4 38. Re2 c4 39.
dxc4 Rd2 40. Re1 0-1

[Event "Horsens Lang Weekend 2017"]
[Site "Horsens"]
[Date "2017.07.14"]
[Round "3.9"]
[White "Antonsen, Mikkel"]
[Black "Hansen, Aksel"]
[Result "1-0"]
[WhiteElo "2428"]
[BlackElo "1791"]
[PlyCount "105"]
[EventDate "2017.??.??"]
[EventCountry "DEN"]

1. d4 Nf6 2. Nf3 g6 3. c4 Bg7 4. Nc3 d6 5. e4 c6 6. Be2 Bg4 7. O-O O-O 8. Be3
Nbd7 9. h3 Bxf3 10. Bxf3 e5 11. d5 c5 12. a3 a6 13. b4 Ne8 14. Rb1 b6 15. Qa4
b5 16. Qb3 cxb4 17. axb4 bxc4 18. Qxc4 Rc8 19. Qb3 f5 20. Ra1 f4 21. Bd2 Rb8
22. Qc4 Qb6 23. Bg4 Nef6 24. Be6+ Kh8 25. Rxa6 Qxb4 26. Qxb4 Rxb4 27. Bxd7 Nxd7
28. Rxd6 Nc5 29. f3 Rfb8 30. Nd1 Bf8 31. Rc6 Rb1 32. Ba5 Nd7 33. Bc3 Kg8 34.
Rc7 R1b7 35. Rxb7 Rxb7 36. Nf2 Rb3 37. Ba5 Bc5 38. Kh2 Kf7 39. Bd8 Rb8 40. Bg5
Rb3 41. Ng4 Rb2 42. Rc1 Bd6 43. Rc6 Rb6 44. Bd8 Rxc6 45. dxc6 Ke8 46. Ba5 Nc5
47. Nf6+ Kf7 48. Nd5 Ke8 49. Bb4 Kd8 50. Bxc5 Bxc5 51. g3 g5 52. g4 h6 53. Kg2
1-0

[Event "Horsens Lang Weekend 2017"]
[Site "Horsens"]
[Date "2017.07.14"]
[Round "3.10"]
[White "Johansen, Johnny Holler"]
[Black "Matthiesen, Martin"]
[Result "0-1"]
[WhiteElo "1778"]
[BlackElo "2344"]
[PlyCount "100"]
[EventDate "2017.??.??"]
[EventCountry "DEN"]

1. e4 e5 2. Nf3 Nc6 3. d4 exd4 4. Nxd4 Nf6 5. Nc3 Bb4 6. Nxc6 bxc6 7. Bd3 d5 8.
exd5 O-O 9. O-O cxd5 10. Bg5 c6 11. Ne2 Re8 12. c3 Bd6 13. Ng3 h6 14. Bd2 Ng4
15. Re1 Rxe1+ 16. Qxe1 Bc5 17. Be3 Bxe3 18. fxe3 Qb6 19. Qe2 Nxe3 20. Kh1 Bg4
21. Qf2 Nf5 22. Qf4 Nxg3+ 23. Qxg3 Be6 24. Re1 Re8 25. Re2 Qb8 26. Qf2 Qb6 27.
Qf4 c5 28. c4 Qd8 29. h3 dxc4 30. Bxc4 Bxc4 31. Rxe8+ Qxe8 32. Qxc4 Qe1+ 33.
Kh2 Qe5+ 34. Kh1 Qxb2 35. Qxc5 Qxa2 36. h4 a5 37. h5 Qb1+ 38. Kh2 Qb8+ 39. Kh1
a4 40. Qa5 Qb1+ 41. Kh2 Qe4 42. g3 f5 43. Qd2 Kh7 44. Qa2 Qe8 45. Kg2 Qa8+ 46.
Kf2 a3 47. Kg1 Qf3 48. Kh2 Qxh5+ 49. Kg2 Qg6 50. Qxa3 f4 0-1

[Event "Horsens Lang Weekend 2017"]
[Site "Horsens"]
[Date "2017.07.14"]
[Round "3.11"]
[White "Dyrgaard, Kristoffer"]
[Black "Durrfeld, Sofie Bech"]
[Result "1-0"]
[WhiteElo "2334"]
[BlackElo "1778"]
[PlyCount "35"]
[EventDate "2017.??.??"]
[EventCountry "DEN"]

1. e4 c5 2. Nf3 Nc6 3. Nc3 g6 4. d4 cxd4 5. Nxd4 Bg7 6. Nde2 Nf6 7. g3 O-O 8.
Bg2 d6 9. O-O Bd7 10. h3 Rc8 11. Nd5 Nxd5 12. exd5 Ne5 13. Nd4 Nc4 14. c3 f5
15. Qe2 Bxd4 16. cxd4 Re8 17. b3 Nb6 18. Bg5 1-0

[Event "Horsens Lang Weekend 2017"]
[Site "Horsens"]
[Date "2017.07.14"]
[Round "3.12"]
[White "Lesner, Joen"]
[Black "Thogersen, Rasmus"]
[Result "0-1"]
[WhiteElo "1770"]
[BlackElo "2232"]
[PlyCount "52"]
[EventDate "2017.??.??"]
[EventCountry "DEN"]

1. b3 Nf6 2. Bb2 g6 3. Bxf6 exf6 4. c4 Bg7 5. Nc3 O-O 6. e3 c6 7. Nf3 f5 8. Rb1
Re8 9. Be2 d6 10. O-O a5 11. d4 Nd7 12. Qc2 Nf6 13. c5 dxc5 14. dxc5 Qe7 15.
Na4 f4 16. Nb6 Bf5 17. Bd3 Bxd3 18. Qxd3 Rad8 19. Qc3 fxe3 20. fxe3 Ng4 21.
Qxa5 Qxe3+ 22. Kh1 Bc3 23. Qa4 Nf2+ 24. Kg1 Ne4+ 25. Kh1 Qxc5 26. Nc4 Ra8 0-1

[Event "Horsens Lang Weekend 2017"]
[Site "Horsens"]
[Date "2017.07.14"]
[Round "3.13"]
[White "Bjornskov, Jacob"]
[Black "Nielsen, Klaus"]
[Result "1-0"]
[WhiteElo "1724"]
[BlackElo "2105"]
[PlyCount "77"]
[EventDate "2017.??.??"]
[EventCountry "DEN"]

1. e4 e5 2. Nf3 d6 3. d4 Bg4 4. Be2 Nd7 5. Nc3 Ngf6 6. Be3 Be7 7. O-O c6 8.
dxe5 dxe5 9. Nd2 h5 10. Nb3 Qc7 11. a4 Be6 12. a5 Bxb3 13. cxb3 Bb4 14. a6 b6
15. Qc2 O-O 16. Nd5 Qd6 17. Nxb4 Qxb4 18. Ra4 Qd6 19. Rd1 Qc7 20. Rc1 Rac8 21.
Rc4 c5 22. b4 b5 23. Rc3 c4 24. b3 Qc6 25. bxc4 Nxe4 26. Bf3 Ndf6 27. Bc5 Rfd8
28. Re3 Rd2 29. Qxd2 Nxd2 30. Bxc6 Rxc6 31. cxb5 Rc8 32. Rxe5 Nde4 33. Re7 Nd6
34. Rxa7 Nxb5 35. Rb7 Nd6 36. Rb6 Nde4 37. a7 Nd7 38. Rb7 Nef6 39. Rd1 1-0

[Event "Horsens Lang Weekend 2017"]
[Site "Horsens"]
[Date "2017.07.14"]
[Round "3.14"]
[White "Kristensen, Bjarke Hautop"]
[Black "Schmidt, Kim"]
[Result "1-0"]
[WhiteElo "2061"]
[BlackElo "1705"]
[PlyCount "89"]
[EventDate "2017.??.??"]
[EventCountry "DEN"]

1. c4 c5 2. g3 Nc6 3. Bg2 Nf6 4. Nc3 g6 5. e4 d6 6. Nge2 Bg7 7. O-O O-O 8. d3
e5 9. f4 Nd4 10. Nxd4 cxd4 11. Ne2 Bg4 12. h3 Bxe2 13. Qxe2 Nd7 14. f5 Rb8 15.
h4 b5 16. b3 a6 17. Rf3 Qe7 18. g4 f6 19. g5 Rf7 20. Bh3 Nf8 21. Rg3 Qe8 22.
Ba3 b4 23. Bb2 Re7 24. Rf1 Rf7 25. Bc1 Rbb7 26. Rg2 a5 27. Qg4 Kh8 28. Bd2 Ra7
29. Qg3 Rab7 30. gxf6 Bxf6 31. h5 g5 32. Bxg5 Bxg5 33. Qxg5 Rg7 34. Qf6 Kg8 35.
h6 Rxg2+ 36. Kxg2 Qe7 37. Qxe7 Rxe7 38. Rf3 Kf7 39. Rg3 Kf6 40. Kf3 Ra7 41. Rg8
Ra8 42. Bg4 Kf7 43. Rg7+ Ke8 44. Bh5+ Kd8 45. Rf7 1-0

[Event "Horsens Lang Weekend 2017"]
[Site "Horsens"]
[Date "2017.07.14"]
[Round "4.1"]
[White "Teplyi, Igor"]
[Black "Hansen, Lars"]
[Result "1/2-1/2"]
[WhiteElo "2424"]
[BlackElo "2236"]
[PlyCount "36"]
[EventDate "2017.??.??"]
[EventCountry "DEN"]

1. c4 b6 2. Nf3 Bb7 3. g3 Bxf3 4. exf3 c5 5. d4 cxd4 6. Qxd4 Nc6 7. Qd3 e6 8.
Nc3 Nf6 9. Bg2 Bb4 10. a3 Bxc3+ 11. Qxc3 Rc8 12. b4 d5 13. cxd5 Na5 14. Qd3 Nc4
15. d6 Nd5 16. O-O Qxd6 17. Qe2 O-O 18. Bd2 Rfd8 1/2-1/2

[Event "Horsens Lang Weekend 2017"]
[Site "Horsens"]
[Date "2017.07.14"]
[Round "4.2"]
[White "Nielsen, Viktor Haarmark"]
[Black "Bjerre, Jonas Buhl"]
[Result "0-1"]
[WhiteElo "2243"]
[BlackElo "2354"]
[PlyCount "54"]
[EventDate "2017.??.??"]
[EventCountry "DEN"]

1. e4 c5 2. Nf3 d6 3. d4 cxd4 4. Nxd4 Nf6 5. Nc3 a6 6. Bg5 Nbd7 7. Qe2 h6 8.
Bh4 g6 9. f4 e5 10. fxe5 dxe5 11. Nb3 Qc7 12. O-O-O b5 13. Nd5 Nxd5 14. exd5
Bd6 15. g4 O-O 16. Bg2 Bb7 17. Rhf1 Rac8 18. Kb1 a5 19. Qxb5 Qxc2+ 20. Ka1 a4
21. Rd2 Qc7 22. Qxa4 Ra8 23. Qe4 Qb6 24. Rf3 Rfc8 25. Kb1 Ba6 26. Bf1 Bxf1 27.
Rxf1 Qa6 0-1

[Event "Horsens Lang Weekend 2017"]
[Site "Horsens"]
[Date "2017.07.14"]
[Round "4.3"]
[White "Brondt, Nicolai Kvist"]
[Black "Rewitz, Poul"]
[Result "1/2-1/2"]
[WhiteElo "2229"]
[BlackElo "2294"]
[PlyCount "89"]
[EventDate "2017.??.??"]
[EventCountry "DEN"]

1. c4 g6 2. Nf3 Bg7 3. d4 f5 4. g3 Nf6 5. Bg2 d6 6. O-O O-O 7. Nc3 Nc6 8. d5
Ne5 9. Nxe5 dxe5 10. Qb3 e4 11. Rd1 Kh8 12. c5 b6 13. Qa3 bxc5 14. Qxc5 Qd6 15.
Be3 Bd7 16. Rac1 Rfb8 17. b3 Rb7 18. f3 exf3 19. exf3 Ne8 20. Bf1 a6 21. f4
Qxc5 22. Bxc5 Nd6 23. Bd4 Rb4 24. Be5 Ra7 25. Re1 Bxe5 26. Rxe5 Nc8 27. Bc4 Kg7
28. Ne2 Kf6 29. a3 Rb6 30. Nd4 Bb5 31. Nc6 Bxc6 32. Re6+ Kf7 33. dxc6 Kf8 34.
Rce1 Ra8 35. Kg2 Rab8 36. Kh3 Ra8 37. Kh4 Rab8 38. Kg5 Nd6 39. Kh6 Nxc4 40.
bxc4 Re8 41. Kxh7 Kf7 42. Rxg6 Rh8+ 43. Kxh8 Kxg6 44. Re6+ Kf7 45. Rh6 1/2-1/2

[Event "Horsens Lang Weekend 2017"]
[Site "Horsens"]
[Date "2017.07.14"]
[Round "4.4"]
[White "Antonsen, Mikkel"]
[Black "Ramsdal, Jens Albert"]
[Result "1-0"]
[WhiteElo "2428"]
[BlackElo "2206"]
[PlyCount "63"]
[EventDate "2017.??.??"]
[EventCountry "DEN"]

1. d4 Nf6 2. c4 g6 3. Nc3 Bg7 4. e4 d6 5. h3 O-O 6. Be3 c5 7. Nf3 cxd4 8. Nxd4
Nc6 9. Be2 Nd7 10. O-O Nc5 11. Qd2 Bd7 12. Rad1 Qa5 13. Rfe1 a6 14. Bf1 Nxd4
15. Bxd4 Bxd4 16. Qxd4 Bc6 17. a3 Ne6 18. Qd2 Rfe8 19. h4 b5 20. h5 Rac8 21.
Re3 bxc4 22. hxg6 hxg6 23. Bxc4 Bd7 24. Ba2 Qe5 25. Nd5 Kg7 26. f4 Nxf4 27.
Nxf4 Qxf4 28. Rf1 Rc2 29. Qd4+ e5 30. Qd3 Qg5 31. Rg3 Qd2 32. Rxf7+ 1-0

[Event "Horsens Lang Weekend 2017"]
[Site "Horsens"]
[Date "2017.07.14"]
[Round "4.5"]
[White "Matthiesen, Martin"]
[Black "Kristensen, Bjarke Hautop"]
[Result "1-0"]
[WhiteElo "2344"]
[BlackElo "2061"]
[PlyCount "37"]
[EventDate "2017.??.??"]
[EventCountry "DEN"]

1. d4 Nf6 2. Nf3 g6 3. g3 Bg7 4. Bg2 O-O 5. O-O d6 6. c4 Nbd7 7. Nc3 e5 8. h3
c6 9. e4 Re8 10. Be3 exd4 11. Nxd4 Nc5 12. Qc2 a5 13. Rad1 Qe7 14. Rfe1 Be6 15.
b3 Rad8 16. Qd2 Bc8 17. Bg5 Qc7 18. Ndb5 cxb5 19. Bxf6 1-0

[Event "Horsens Lang Weekend 2017"]
[Site "Horsens"]
[Date "2017.07.14"]
[Round "4.6"]
[White "Fogh, Jens Olaf Svanholm"]
[Black "Dyrgaard, Kristoffer"]
[Result "0-1"]
[WhiteElo "2005"]
[BlackElo "2334"]
[PlyCount "112"]
[EventDate "2017.??.??"]
[EventCountry "DEN"]

1. d4 Nf6 2. Nf3 g6 3. e3 Bg7 4. c4 O-O 5. Nc3 d5 6. b3 c5 7. Be2 Nc6 8. Bb2
cxd4 9. Nxd4 Nxd4 10. exd4 b6 11. Bf3 Bb7 12. O-O Rc8 13. Rc1 Qd7 14. Nxd5 Nxd5
15. Bxd5 Bxd5 16. cxd5 Qxd5 17. Qg4 e6 18. Qf4 Qd7 19. g3 h5 20. Rxc8 Rxc8 21.
Rc1 Rxc1+ 22. Qxc1 Bxd4 23. Bxd4 Qxd4 24. h4 a5 25. a4 e5 26. Qc2 e4 27. Kg2
Qd5 28. Kg1 e3 29. fxe3 Qf3 30. Kh2 Qxe3 31. Kg2 Kf8 32. Qc8+ Kg7 33. Qc2 Kf6
34. Qc6+ Qe6 35. Qc3+ Kf5 36. Qf3+ Ke5 37. Qe3+ Kd5 38. Qd3+ Kc5 39. Qc3+ Kd6
40. Kh2 Qe2+ 41. Kg1 Qd1+ 42. Kh2 Qe2+ 43. Kg1 Qe5 44. Qf3 f5 45. Kh2 Kc5 46.
Qd1 Kb4 47. Qc2 Ka3 48. Qc6 f4 49. Kh3 Qf5+ 50. Kg2 f3+ 51. Kh2 Kb2 52. g4 Qf4+
53. Kh1 f2 54. Qg2 hxg4 55. Qf1 Qf3+ 56. Kh2 g3+ 0-1

[Event "Horsens Lang Weekend 2017"]
[Site "Horsens"]
[Date "2017.07.14"]
[Round "4.7"]
[White "Ferrante, Marco"]
[Black "Nielsen, Lasse (1979)"]
[Result "1-0"]
[WhiteElo "2260"]
[BlackElo "1837"]
[PlyCount "65"]
[EventDate "2017.??.??"]
[EventCountry "DEN"]

1. e4 c5 2. Nf3 g6 3. d4 cxd4 4. Qxd4 Nf6 5. Nc3 Nc6 6. Qa4 d6 7. e5 Ng4 8. Bb5
Bd7 9. exd6 exd6 10. O-O Bg7 11. Bg5 f6 12. Bf4 Nge5 13. Qe4 O-O 14. Rad1 Bf5
15. Qd5+ Kh8 16. Ba4 Bg4 17. Bxe5 fxe5 18. Bxc6 bxc6 19. Qxd6 Qe8 20. Qd3 Bxf3
21. gxf3 Qf7 22. Qe4 Qb7 23. b3 Rf4 24. Qe2 Raf8 25. Rd3 Qc8 26. Rfd1 Rh4 27.
Qf1 Rhf4 28. Qg2 Qa6 29. a4 Qb6 30. Ne4 Bh6 31. Qh3 Bg7 32. Ng5 h6 33. Ne6 1-0

[Event "Horsens Lang Weekend 2017"]
[Site "Horsens"]
[Date "2017.07.14"]
[Round "4.8"]
[White "Thogersen, Rasmus"]
[Black "Pedersen, Lars Wisler"]
[Result "1-0"]
[WhiteElo "2232"]
[BlackElo "1796"]
[PlyCount "65"]
[EventDate "2017.??.??"]
[EventCountry "DEN"]

1. d4 f5 2. Bg5 h6 3. Bh4 g5 4. e3 Nf6 5. Bg3 Bg7 6. h4 g4 7. h5 d6 8. Ne2 Be6
9. Nf4 Bf7 10. Nc3 Qd7 11. d5 e5 12. dxe6 Bxe6 13. Nxe6 Qxe6 14. Nb5 Qd7 15.
Nd4 Nc6 16. c3 Nxd4 17. cxd4 Qc6 18. Rc1 Qb6 19. Qa4+ Ke7 20. Bd3 Ne4 21. Bxe4
fxe4 22. d5 Rhe8 23. Qxe4+ Kf8 24. Qf5+ Kg8 25. O-O Rac8 26. b3 Qa5 27. Bxd6
Qxa2 28. Bxc7 Qxb3 29. d6 Rf8 30. Qxg4 Qd5 31. d7 Rxc7 32. Rxc7 Kh8 33. Rc8 1-0

[Event "Horsens Lang Weekend 2017"]
[Site "Horsens"]
[Date "2017.07.14"]
[Round "4.9"]
[White "Guindy, Esmat"]
[Black "Bjornskov, Jacob"]
[Result "1-0"]
[WhiteElo "2132"]
[BlackElo "1724"]
[PlyCount "39"]
[EventDate "2017.??.??"]
[EventCountry "DEN"]

1. d4 Nf6 2. c4 e6 3. Nf3 Bb4+ 4. Bd2 Qe7 5. Nc3 O-O 6. e3 c5 7. Bd3 Nc6 8. O-O
d6 9. Qc2 b6 10. a3 cxd4 11. exd4 Bxc3 12. Bxc3 Qc7 13. d5 Ne5 14. Nxe5 dxe5
15. Rfe1 e4 16. Bxe4 Nxe4 17. Qxe4 Ba6 18. dxe6 Bxc4 19. e7 Rfe8 20. Qxa8 1-0

[Event "Horsens Lang Weekend 2017"]
[Site "Horsens"]
[Date "2017.07.14"]
[Round "4.10"]
[White "Rasmussen, Karsten"]
[Black "Christensen, Benjamin"]
[Result "1-0"]
[WhiteElo "2444"]
[BlackElo "1966"]
[PlyCount "63"]
[EventDate "2017.??.??"]
[EventCountry "DEN"]

1. c4 Nf6 2. Nc3 g6 3. g3 Bg7 4. Bg2 c5 5. Nf3 O-O 6. O-O d6 7. d4 Nbd7 8. b3
Re8 9. Bb2 e5 10. dxe5 dxe5 11. Ng5 e4 12. Qd2 Bh6 13. h4 e3 14. fxe3 Qc7 15.
Rf4 Bxg5 16. hxg5 Nh5 17. Ne4 Ne5 18. Raf1 Bf5 19. Qd6 Qxd6 20. Nxd6 Ng4 21. e4
Nxg3 22. Bf3 Nxf1 23. Nxe8 Rxe8 24. exf5 Nge3 25. fxg6 fxg6 26. Bc1 b6 27. Kf2
Re5 28. Re4 Rxe4 29. Bxe4 Nd1+ 30. Kxf1 Nc3 31. Bd5+ Kf8 32. a3 1-0

[Event "Horsens Lang Weekend 2017"]
[Site "Horsens"]
[Date "2017.07.14"]
[Round "4.11"]
[White "Rostgaard, Tobias Valentin"]
[Black "Steenstrup, Svend"]
[Result "1-0"]
[WhiteElo "2302"]
[BlackElo "1949"]
[PlyCount "71"]
[EventDate "2017.??.??"]
[EventCountry "DEN"]

1. e4 d5 2. exd5 Qxd5 3. Nc3 Qd6 4. d4 Nf6 5. Nf3 a6 6. Ne5 Nc6 7. Nxc6 Qxc6 8.
a4 Bf5 9. d5 Qd6 10. Be2 e5 11. dxe6 Qxe6 12. O-O Rd8 13. Bd3 Bxd3 14. cxd3 Be7
15. Qf3 c6 16. Bg5 O-O 17. Rfe1 Qd7 18. Rxe7 Qxe7 19. Ne4 Rxd3 20. Bxf6 Qd7 21.
Qh5 Qd5 22. Qg4 g6 23. Nc3 h5 24. Qe2 Qd7 25. Re1 Qf5 26. Ne4 Rd5 27. Bc3 f6
28. f3 Rf7 29. Qe3 Kh7 30. h4 g5 31. Nxf6+ Rxf6 32. Qe8 gxh4 33. Bxf6 Qxf6 34.
Re7+ Kh6 35. Re6 Qxe6 36. Qxe6+ 1-0

[Event "Horsens Lang Weekend 2017"]
[Site "Horsens"]
[Date "2017.07.14"]
[Round "4.12"]
[White "Bank, Pelle Rodkjaer"]
[Black "Renneberg, Morten"]
[Result "1-0"]
[WhiteElo "2294"]
[BlackElo "1941"]
[PlyCount "44"]
[EventDate "2017.??.??"]
[EventCountry "DEN"]

1. d4 Nf6 2. Bg5 e6 3. e4 h6 4. Bxf6 Qxf6 5. c3 d6 6. Bd3 Be7 7. Ne2 Nd7 8. O-O
e5 9. f4 Qh4 10. Nd2 exf4 11. Nxf4 Nb6 12. a4 a5 13. Nc4 Nxc4 14. Bxc4 c6 15.
g3 Qg5 16. Bxf7+ Kd8 17. Qd3 Kc7 18. h4 Qg4 19. Bh5 Qd7 20. Ng6 Re8 21. Rf7 b6
22. Raf1 Kb8 1-0